[Event "POL-chT 2nd League"]
[Site "Jastrzebia Gora"]
[Date "2023.09.03"]
[Round "2.43"]
[White "Markiewicz, Jerzy"]
[Black "Rajlich, Vasik G"]
[Result "0-1"]
[WhiteElo "2159"]
[BlackElo "2303"]
[PlyCount "40"]
[EventDate "2023.09.02"]
[EventType "team-swiss"]
[EventRounds "9"]
[EventCountry "POL"]
[SourceTitle "EXT 2024"]
[Source "ChessBase"]
[SourceDate "2023.10.10"]
[SourceVersion "1"]
[SourceVersionDate "2023.10.10"]
[SourceQuality "1"]
[WhiteTeam "Pilzno GKSz Hetman"]
[BlackTeam "Grodzisk Szachowa Dwojka"]
[WhiteTeamCountry "POL"]
[BlackTeamCountry "POL"]

1. e4 c5 2. Nf3 g6 3. c4 Nc6 4. d4 cxd4 5. Nxd4 Bg7 6. Be3 Nf6 7. Nc3 0-0 8. Be2 d6 9. 0-0 Bd7 10. Qd2 Nxd4 11. Bxd4 Bc6 12. f3 a5 13. b3 Nd7 14. Be3 Nc5 15. Rab1 e6 16. Rfd1 Be5 17. Bf1 Qh4 18. h3 Qg3 19. Ne2 Qh2+ 20. Kf2 f5 0-1

[Event "BCF-chT 0708 (4NCL)"]
[Site "Sunningdale"]
[Date "2007.11.11"]
[Round "4.3"]
[White "Martin, Andrew D"]
[Black "Rajlich, Vasik G"]
[Result "1/2-1/2"]
[WhiteElo "2425"]
[BlackElo "2304"]
[PlyCount "25"]
[EventDate "2007.09.15"]
[EventType "team-tourn"]
[EventRounds "11"]
[EventCountry "ENG"]
[SourceTitle "EXT 2008"]
[Source "ChessBase"]
[SourceDate "2007.11.25"]
[SourceVersion "1"]
[SourceVersionDate "2007.11.25"]
[SourceQuality "1"]
[WhiteTeam "Wood Green London"]
[BlackTeam "Cambridge"]
[WhiteTeamCountry "ENG"]
[BlackTeamCountry "ENG"]

1. Nf3 g6 2. e4 c5 3. h4 Bg7 4. h5 Nc6 5. Nc3 d6 6. Bc4 Na5 7. Bb5+ Bd7 8. Qe2 Nc6 9. Bxc6 Bxc6 10. d3 e6 11. Bd2 Ne7 12. Ng5 h6 13. Nh3 1/2-1/2

[Event "Budapest FS10 GM"]
[Site "Budapest"]
[Date "2006.10.11"]
[Round "5"]
[White "Fogarasi, Tibor"]
[Black "Rajlich, Vasik G"]
[Result "1-0"]
[WhiteElo "2425"]
[BlackElo "2304"]
[PlyCount "83"]
[EventDate "2006.10.07"]
[EventType "tourn"]
[EventRounds "9"]
[EventCountry "HUN"]
[EventCategory "7"]
[SourceTitle "CBM 114 Extra"]
[Source "ChessBase"]
[SourceDate "2006.11.03"]
[SourceVersion "1"]
[SourceVersionDate "2006.11.03"]
[SourceQuality "1"]

1. Nf3 Nf6 2. g3 g6 3. Bg2 Bg7 4. 0-0 0-0 5. d4 d6 6. Nc3 Nc6 7. e4 Bg4 8. h3 Bxf3 9. Bxf3 Nd7 10. d5 Nd4 11. Bg2 c5 12. Nb1 Nb5 13. a4 Nc7 14. Na3 b5 15. Nxb5 Nxb5 16. axb5 Qb6 17. c4 a6 18. Qa4 Ra7 19. Ra3 Rfa8 20. bxa6 Qxa6 21. Qc2 Qb6 22. Rb3 Qc7 23. Rd1 Rb7 24. Rdd3 Rab8 25. Kh2 Bd4 26. f4 h5 27. Be3 Bxb2 28. Qxb2 Rb4 29. Bd2 Rxc4 30. Rxb8+ Qxb8 31. Rb3 Qa8 32. Ra3 Ra4 33. Rxa4 Qxa4 34. e5 h4 35. g4 Qa6 36. e6 Nf6 37. g5 Ne8 38. Qh8+ Kxh8 39. exf7 Qa4 40. f8Q+ Kh7 41. Bc3 Nf6 42. Qxe7+ 1-0

[Event "Budapest FS10 GM"]
[Site "Budapest"]
[Date "2006.10.08"]
[Round "2"]
[White "Vitor, Antonio Pedro Caste"]
[Black "Rajlich, Vasik G"]
[Result "0-1"]
[WhiteElo "2414"]
[BlackElo "2304"]
[PlyCount "78"]
[EventDate "2006.10.07"]
[EventType "tourn"]
[EventRounds "9"]
[EventCountry "HUN"]
[EventCategory "7"]
[SourceTitle "CBM 114 Extra"]
[Source "ChessBase"]
[SourceDate "2006.11.03"]
[SourceVersion "1"]
[SourceVersionDate "2006.11.03"]
[SourceQuality "1"]

1. Nf3 c5 2. e4 d6 3. c3 Nf6 4. Be2 Nbd7 5. d3 g6 6. Nbd2 Bg7 7. 0-0 0-0 8. Re1 b6 9. d4 e6 10. Bd3 Bb7 11. Nf1 Qc7 12. Ng3 e5 13. h3 a6 14. Be3 d5 15. exd5 Nxd5 16. Bd2 cxd4 17. cxd4 exd4 18. Rc1 Nc5 19. b4 Nc3 20. Qc2 Nxd3 21. Qxd3 Qc6 22. Re4 Rad8 23. Rh4 Qb5 24. Qxb5 Nxb5 25. a4 Na3 26. b5 a5 27. Bh6 Bxh6 28. Rxh6 Bxf3 29. gxf3 d3 30. Rh4 d2 31. Rd1 Rd3 32. Re4 Rc8 33. Kf1 Nb1 34. Re3 Rxe3 35. fxe3 Rc1 36. Ke2 Nc3+ 37. Kxd2 Rxd1+ 38. Kxc3 f5 39. Ne2 Kf7 0-1

[Event "PAL/CSS Freestyle op 3rd"]
[Site "Playchess.com INT"]
[Date "2006.06.18"]
[Round "8"]
[White "Jazzled"]
[Black "Rajlich, Vasik G"]
[Result "1/2-1/2"]
[WhiteElo "2510"]
[BlackElo "2569"]
[PlyCount "55"]
[EventDate "2006.06.16"]
[EventType "swiss (rapid)"]
[EventRounds "8"]
[EventCountry "GER"]
[SourceTitle "EXT 2007"]
[Source "ChessBase"]
[SourceDate "2006.11.23"]
[SourceVersion "1"]
[SourceVersionDate "2006.11.23"]
[SourceQuality "1"]

1. e4 c5 2. Nf3 Nc6 3. Bc4 e6 4. 0-0 Nf6 5. Re1 d5 6. exd5 Nxd5 7. Nc3 Be7 8. d4 Nxc3 9. bxc3 0-0 10. a4 b6 11. Bd3 Bf6 12. Be4 Bb7 13. Bf4 Na5 14. Bxb7 Nxb7 15. Qd3 Rc8 16. Rab1 Qd5 17. c4 Qf5 18. Qxf5 exf5 19. d5 Na5 20. Rbd1 Rcd8 21. Nd2 Bc3 22. Re7 Bxd2 23. Bxd2 Nxc4 24. Bf4 Nb2 25. Rd2 Nc4 26. Rd1 Nb2 27. Rd2 Nc4 28. Rd1 1/2-1/2

[Event "PAL/CSS Freestyle op 3rd"]
[Site "Playchess.com INT"]
[Date "2006.06.17"]
[Round "3"]
[White "Bychamp II"]
[Black "Rajlich, Vasik G"]
[Result "0-1"]
[WhiteElo "2503"]
[BlackElo "2523"]
[PlyCount "96"]
[EventDate "2006.06.16"]
[EventType "swiss (rapid)"]
[EventRounds "8"]
[EventCountry "GER"]
[SourceTitle "EXT 2007"]
[Source "ChessBase"]
[SourceDate "2006.11.23"]
[SourceVersion "1"]
[SourceVersionDate "2006.11.23"]
[SourceQuality "1"]

1. e4 c5 2. Nf3 Nc6 3. d4 cxd4 4. Nxd4 Nf6 5. Nc3 e5 6. Ndb5 d6 7. Nd5 Nxd5 8. exd5 Nb8 9. c4 Be7 10. Be2 a6 11. Nc3 0-0 12. 0-0 f5 13. Kh1 Nd7 14. f4 Bf6 15. Qc2 exf4 16. Bxf4 Be5 17. Rae1 Bxf4 18. Rxf4 Ne5 19. Qd2 Qc7 20. Na4 Bd7 21. Qb4 Bxa4 22. Qxa4 g5 23. Rff1 f4 24. Qb3 b6 25. Qc3 a5 26. g3 Rf6 27. gxf4 gxf4 28. b3 Kh8 29. Qd4 Raf8 30. Bf3 Qc5 31. Qc3 Qb4 32. Rc1 Qxc3 33. Rxc3 Kg7 34. Rc2 Kh6 35. Rg2 Rg6 36. Re2 Rgf6 37. Rg2 Ra8 38. Bd1 a4 39. bxa4 Raf8 40. a3 f3 41. Rg3 Rf4 42. Rh3+ Kg7 43. Rg3+ Kh8 44. c5 bxc5 45. a5 c4 46. a6 c3 47. a7 R4f7 48. Rfg1 Rxa7 0-1

[Event "Oberliga Ost-B 0405"]
[Site "Germany"]
[Date "2005.01.16"]
[Round "7.2"]
[White "Troyke, Christian"]
[Black "Rajlich, Vasik G"]
[Result "1/2-1/2"]
[WhiteElo "2334"]
[BlackElo "2317"]
[PlyCount "69"]
[EventDate "2004.10.10"]
[EventType "team-tourn"]
[EventRounds "11"]
[EventCountry "GER"]
[SourceTitle "EXT 2006"]
[Source "ChessBase"]
[SourceDate "2005.11.24"]
[SourceVersion "1"]
[SourceVersionDate "2005.11.24"]
[SourceQuality "1"]
[WhiteTeam "Erfurt SK II"]
[BlackTeam "Hungen Lich"]
[WhiteTeamCountry "GER"]
[BlackTeamCountry "GER"]

1. g3 g6 2. Bg2 Bg7 3. d4 Nf6 4. e4 d6 5. Ne2 0-0 6. 0-0 e5 7. c4 c6 8. Nbc3 Qb6 9. d5 Qa6 10. b3 cxd5 11. Nxd5 Nxd5 12. Qxd5 Be6 13. Qd1 Nc6 14. Be3 Rfd8 15. Qd2 Qa3 16. h3 a5 17. Nc3 Nd4 18. f4 Qb4 19. Rf2 a4 20. f5 gxf5 21. Nxa4 Qxd2 22. Rxd2 f4 23. Bxd4 exd4 24. gxf4 d3 25. Rad1 Bxc4 26. bxc4 Rxa4 27. Rxd3 Rxc4 28. e5 Rxf4 29. exd6 Rd7 30. Bf3 Be5 31. Bg4 f5 32. Bf3 Rxd6 33. Bxb7 Rxd3 34. Rxd3 Rd4 35. Rxd4 1/2-1/2

[Event "Budapest FS09 GM"]
[Site "Budapest"]
[Date "2002.09.18"]
[Round "12"]
[White "Todorovic, Goran M"]
[Black "Rajlich, Vasik G"]
[Result "1-0"]
[WhiteElo "2482"]
[BlackElo "2338"]
[PlyCount "73"]
[EventDate "2002.09.07"]
[EventType "tourn"]
[EventRounds "13"]
[EventCountry "HUN"]
[EventCategory "7"]
[SourceTitle "CBM 090 Extra"]
[Source "ChessBase"]
[SourceDate "2002.11.07"]
[SourceVersion "1"]
[SourceVersionDate "2002.11.07"]
[SourceQuality "1"]

1. e4 c5 2. Nf3 d6 3. d4 cxd4 4. Nxd4 Nf6 5. Nc3 g6 6. Be3 Bg7 7. f3 0-0 8. Qd2 Nc6 9. Bc4 Bd7 10. 0-0-0 Qa5 11. Bb3 Rfc8 12. g4 Ne5 13. h4 Rc4 14. g5 Nh5 15. f4 Rxd4 16. Bxd4 Nf3 17. Qf2 Nxd4 18. Rxd4 Bxd4 19. Qxd4 Nxf4 20. Rf1 Be6 21. Kb1 Rf8 22. Rxf4 Bxb3 23. axb3 e5 24. Qf2 exf4 25. Nd5 h5 26. b4 Qd8 27. Qxf4 Re8 28. Nf6+ Kg7 29. Qxd6 Rg8 30. e5 Qxd6 31. exd6 Rd8 32. c4 Kf8 33. c5 Rc8 34. Ka2 b5 35. d7 Rd8 36. c6 Ke7 37. c7 1-0

[Event "Budapest FS09 GM"]
[Site "Budapest"]
[Date "2002.09.13"]
[Round "7"]
[White "Williams, Simon Kim"]
[Black "Rajlich, Vasik G"]
[Result "1-0"]
[WhiteElo "2421"]
[BlackElo "2338"]
[PlyCount "87"]
[EventDate "2002.09.07"]
[EventType "tourn"]
[EventRounds "13"]
[EventCountry "HUN"]
[EventCategory "7"]
[SourceTitle "CBM 090 Extra"]
[Source "ChessBase"]
[SourceDate "2002.11.07"]
[SourceVersion "1"]
[SourceVersionDate "2002.11.07"]
[SourceQuality "1"]

1. d4 Nf6 2. c4 g6 3. Nc3 Bg7 4. e4 d6 5. Nge2 0-0 6. Ng3 e5 7. d5 c6 8. h4 cxd5 9. cxd5 a5 10. h5 Na6 11. Be2 Qb6 12. Na4 Qb4+ 13. Bd2 Qd4 14. Be3 Qb4+ 15. Bd2 Qd4 16. h6 Bh8 17. Bxa5 Nb4 18. Qxd4 Nc2+ 19. Kd2 Nxd4 20. b4 Nd7 21. Nb6 Nxb6 22. Bxb6 Bf6 23. Bd1 Bg5+ 24. Ke1 Ra3 25. Ne2 Re8 26. Kf1 Bd7 27. Kg1 Rd3 28. Nxd4 exd4 29. g3 Rd2 30. Bf3 Ba4 31. Kg2 Be3 32. Kh3 Rxf2 33. Rhf1 Rb2 34. Rab1 Rxa2 35. b5 Rc8 36. e5 dxe5 37. d6 Rcc2 38. Bd5 Rh2+ 39. Kg4 Bxh6 40. d7 Bg5 41. Kxg5 h6+ 42. Kf6 Rhf2+ 43. Rxf2 Rxf2+ 44. Ke7 1-0

[Event "Budapest FS09 GM"]
[Site "Budapest"]
[Date "2002.09.08"]
[Round "2"]
[White "Rajlich, Vasik G"]
[Black "Balogh, Csaba"]
[Result "1-0"]
[WhiteElo "2338"]
[BlackElo "2441"]
[PlyCount "83"]
[EventDate "2002.09.07"]
[EventType "tourn"]
[EventRounds "13"]
[EventCountry "HUN"]
[EventCategory "7"]
[SourceTitle "CBM 090 Extra"]
[Source "ChessBase"]
[SourceDate "2002.11.07"]
[SourceVersion "1"]
[SourceVersionDate "2002.11.07"]
[SourceQuality "1"]

1. e4 c5 2. Nf3 d6 3. d4 cxd4 4. Nxd4 Nf6 5. Nc3 Nc6 6. Bg5 Qb6 7. Nb3 e6 8. Bd3 Be7 9. 0-0 a6 10. Qe2 0-0 11. Rae1 Rd8 12. Kh1 Nb4 13. f4 Nxd3 14. cxd3 Qc7 15. e5 Ne8 16. Nd5 exd5 17. exd6 Rxd6 18. Qxe7 Qxe7 19. Bxe7 Re6 20. Nc5 Rc6 21. f5 b6 22. Nb3 Bb7 23. Nd4 Rc7 24. h4 h5 25. f6 g6 26. Re5 Rac8 27. Kh2 Rc1 28. Rxc1 Rxc1 29. Bd8 Kf8 30. Be7+ Kg8 31. Bd8 Kf8 32. Re7 Bc8 33. Ra7 Kg8 34. Ra8 b5 35. b4 g5 36. hxg5 Kh7 37. Be7 Rc7 38. Nf3 Kg6 39. Ne5+ Kxg5 40. Nxf7+ Kf5 41. Nd6+ Nxd6 42. Bxd6 1-0

[Event "Budapest FS09 GM"]
[Site "Budapest"]
[Date "2002.09.07"]
[Round "1"]
[White "Szeberenyi, Adam"]
[Black "Rajlich, Vasik G"]
[Result "1-0"]
[WhiteElo "2395"]
[BlackElo "2338"]
[PlyCount "141"]
[EventDate "2002.09.07"]
[EventType "tourn"]
[EventRounds "13"]
[EventCountry "HUN"]
[EventCategory "7"]
[SourceTitle "CBM 090 Extra"]
[Source "ChessBase"]
[SourceDate "2002.11.07"]
[SourceVersion "1"]
[SourceVersionDate "2002.11.07"]
[SourceQuality "1"]

1. d4 Nf6 2. Nf3 g6 3. c4 Bg7 4. Nc3 0-0 5. Bg5 d6 6. e3 c5 7. d5 h6 8. Bh4 e5 9. Bd3 g5 10. Bg3 e4 11. Bxe4 Nxe4 12. Nxe4 f5 13. Nc3 f4 14. exf4 gxf4 15. Bh4 Re8+ 16. Ne2 Qa5+ 17. Qd2 Qxd2+ 18. Kxd2 Bf5 19. Nc3 Nd7 20. Rae1 a6 21. Rxe8+ Rxe8 22. Re1 Kf7 23. a4 Rxe1 24. Nxe1 Ne5 25. b3 Ng6 26. Bd8 Bd4 27. Nd1 b5 28. axb5 axb5 29. cxb5 Ke8 30. Ba5 Ne7 31. Bc3 Nxd5 32. Bxd4 cxd4 33. Nf3 d3 34. Nb2 Kd7 35. Nxd3 Kc7 36. Nd4 Bd7 37. Nb2 Kb6 38. Na4+ Ka5 39. Nc3 Nf6 40. f3 Kb4 41. b6 Bc8 42. Ne4 Nxe4+ 43. fxe4 Bb7 44. Ne6 Bxe4 45. Nd8 Bxg2 46. b7 Bxb7 47. Nxb7 d5 48. Nd8 Kxb3 49. Ne6 Kc4 50. h3 f3 51. Ke3 d4+ 52. Kxf3 Kd5 53. Nf4+ Ke5 54. Nd3+ Kf5 55. h4 Kg6 56. Kg4 Kf6 57. Kh5 Kg7 58. Nf4 Kh7 59. Kg4 Kg8 60. Kf5 Kf7 61. h5 Ke7 62. Kg6 Kd6 63. Kxh6 Ke5 64. Nd3+ Kf6 65. Kh7 Kf7 66. h6 Kf8 67. Kg6 Kg8 68. h7+ Kh8 69. Nc5 d3 70. Ne6 d2 71. Nd8 1-0

[Event "Budapest FS08 GM"]
[Site "Budapest"]
[Date "2002.08.08"]
[Round "6"]
[White "Gara, Anita"]
[Black "Rajlich, Vasik G"]
[Result "1-0"]
[WhiteElo "2365"]
[BlackElo "2338"]
[PlyCount "109"]
[EventDate "2002.08.03"]
[EventType "tourn"]
[EventRounds "13"]
[EventCountry "HUN"]
[EventCategory "8"]
[SourceTitle "CBM 089 Extra"]
[Source "ChessBase"]
[SourceDate "2002.09.10"]
[SourceVersion "2"]
[SourceVersionDate "2002.09.10"]
[SourceQuality "1"]

1. e4 c5 2. Nf3 d6 3. d4 cxd4 4. Nxd4 Nf6 5. Nc3 g6 6. Be3 Bg7 7. f3 0-0 8. Qd2 Nc6 9. Bc4 Bd7 10. 0-0-0 Qa5 11. Bb3 Rfc8 12. Kb1 Ne5 13. h4 Nc4 14. Bxc4 Rxc4 15. Nb3 Qc7 16. Bd4 Be6 17. h5 a5 18. a4 b5 19. Nxb5 Qb7 20. hxg6 hxg6 21. e5 dxe5 22. Bxe5 Qb6 23. Bd4 Qc6 24. Nc3 Rb4 25. Rh4 Rab8 26. Be5 Bxb3 27. Bxb8 Bxc2+ 28. Qxc2 Rxh4 29. Be5 Ne8 30. Bxg7 Kxg7 31. Ne4 Qxc2+ 32. Kxc2 f5 33. Nc3 Rh2 34. Rd2 Nd6 35. b3 f4 36. Nd5 e5 37. Re2 g5 38. Kd3 Nf7 39. Ne7 g4 40. fxg4 Kf6 41. Nc6 Kg5 42. Nxa5 Kxg4 43. Nc4 Kg3 44. a5 Rh1 45. b4 Rb1 46. Kc3 Rc1+ 47. Kb3 Rd1 48. a6 Rd3+ 49. Ka4 Rd7 50. b5 Rd4 51. Kb3 Rd7 52. b6 Nd8 53. a7 Nc6 54. a8Q Nd4+ 55. Kb4 1-0

[Event "Budapest FS08 GM"]
[Site "Budapest"]
[Date "2002.08.04"]
[Round "2"]
[White "Bui, Vinh"]
[Black "Rajlich, Vasik G"]
[Result "1-0"]
[WhiteElo "2444"]
[BlackElo "2338"]
[PlyCount "125"]
[EventDate "2002.08.03"]
[EventType "tourn"]
[EventRounds "13"]
[EventCountry "HUN"]
[EventCategory "8"]
[SourceTitle "CBM 089 Extra"]
[Source "ChessBase"]
[SourceDate "2002.09.10"]
[SourceVersion "2"]
[SourceVersionDate "2002.09.10"]
[SourceQuality "1"]

1. d4 Nf6 2. c4 g6 3. Nc3 Bg7 4. e4 d6 5. Nf3 0-0 6. Be2 e5 7. d5 a5 8. Bg5 h6 9. Bh4 Na6 10. 0-0 Qe8 11. Nd2 Nh7 12. a3 Bd7 13. b3 h5 14. f3 Bh6 15. Kh1 Be3 16. Qc2 Kg7 17. Rae1 g5 18. Bf2 Bxf2 19. Rxf2 h4 20. Nf1 Rh8 21. Qb2 Nf6 22. b4 axb4 23. axb4 Nh5 24. Ne3 f6 25. Kg1 Qb8 26. c5 Nf4 27. Bxa6 bxa6 28. c6 Bc8 29. Rd1 Qa7 30. Qd2 Rb8 31. Ne2 Kf7 32. Rb1 Ke7 33. Kf1 Kf7 34. h3 Nh5 35. Ke1 Ke7 36. Nc4 Rg8 37. Qe3 Qxe3 38. Nxe3 Nf4 39. Kd2 Rh8 40. Nc3 Kd8 41. Rff1 Rh7 42. Rb3 Rb6 43. Ra1 Rh8 44. b5 Ke7 45. Ra5 axb5 46. Nxb5 Ba6 47. Nf5+ Kd8 48. Rba3 Bc8 49. Ra8 Rxb5 50. Rxc8+ Kxc8 51. Ra8+ Rb8 52. Ne7+ Kd8 53. Rxb8+ Kxe7 54. Rxh8 Nxg2 55. Rc8 Nf4 56. Rxc7+ Ke8 57. Rh7 Kd8 58. Rd7+ Kc8 59. Rxd6 Nxh3 60. Rxf6 Kc7 61. Rf7+ Kb6 62. Rb7+ Ka6 63. Rb1 1-0